|
|
|
|
| LEADER |
00755nam a2200217Ia 4500 |
| 001 |
CTU_158447 |
| 008 |
210402s9999 xx 000 0 und d |
| 020 |
|
|
|c 73.70
|
| 082 |
|
|
|a 620.105
|
| 082 |
|
|
|b B415
|
| 100 |
|
|
|a Beer, Ferdinand P.
|
| 245 |
|
0 |
|a Vector mechanics for engineers :
|
| 245 |
|
0 |
|b Statics and dynamisc
|
| 245 |
|
0 |
|c Ferdinand P. Beer, E. Russell Johnston
|
| 260 |
|
|
|a New York
|
| 260 |
|
|
|b McGraw-Hill
|
| 260 |
|
|
|c 1984
|
| 650 |
|
|
|a Mechanics, applied,Vector analysis,Mechanics, applied,Cơ học ứng dụng,Véc tơ tuyến tính,Cơ học ứng dụng
|
| 650 |
|
|
|x Problems, exercises, etc.,Bài tập, thực hành
|
| 904 |
|
|
|i Anh Tho,QHieu
|
| 980 |
|
|
|a Trung tâm Học liệu Trường Đại học Cần Thơ
|